000 00329nam a2200133Ia 4500
008 221007s9999 xx 000 0 und d
041 _aeng
082 _bCHA
100 _aChakraborty S (2K51060)
_9102335
245 _aZero sales Loss
260 _c2007
_bPune University
_aPune
520 _aDr. Surya Ramdas
906 _bGeneral
999 _c69497
_d69497